Pokémon Moves- Ice Type - Statistics

General Stats
  • This quiz has been taken 206 times
  • The average score is 25 of 33
Answer Stats
Hint Answer % Correct
I Ice Beam
99%
I Blizzard
97%
III Hail
96%
I Ice Punch
94%
V Icicle Crash
94%
III Icicle Spear
93%
I Aurora Beam
91%
IV Ice Shard
91%
II Icy Wind
91%
IV Ice Fang
89%
VII Aurora Veil
87%
IV Avalanche
86%
VI Freeze-Dry
84%
V Glaciate
83%
IX Ice Spinner
80%
VII Ice Hammer
77%
I Mist
77%
II Powder Snow
77%
V Freeze Shock
76%
V Frost Breath
76%
I Haze
74%
III Ice Ball
73%
V Ice Burn
70%
VII Subzero Slammer
69%
VIII Max Hailstorm
67%
IX Snowscape
67%
III Sheer Cold
60%
VII Freezy Frost
59%
VIII Triple Axel
59%
VIII Glacial Lance
54%
IX Chilly Reception
51%
VIII G-Max Resonance
50%
VIII Mountain Gale
46%
No matching quizzes found
Score Distribution
Percent of People with Each Score
Percentile by Number Answered
Your Score History
You have not taken this quiz